THE RADIO AMATURE'S HANDBOOK (Record no. 567177)

000 -LEADER
fixed length control field 00260nam a22001097a 4500
082 ## - DEWEY DECIMAL CLASSIFICATION NUMBER
Classification number 621.384166 COL'R
100 ## - MAIN ENTRY--PERSONAL NAME
Personal name COLLINS, A. FREDERICK
9 (RLIN) 41651
245 ## - TITLE STATEMENT
Title THE RADIO AMATURE'S HANDBOOK
260 ## - PUBLICATION, DISTRIBUTION, ETC.
Place of publication, distribution, etc. NEWYORK
Name of publisher, distributor, etc. THOMAS Y
Date of publication, distribution, etc. 1964
300 ## - PHYSICAL DESCRIPTION
Extent 374P
942 ## - ADDED ENTRY ELEMENTS (KOHA)
Koha item type Book
Holdings
Withdrawn status Lost status Damaged status Not for loan Permanent Location Current Location Shelving location Date acquired Total Checkouts Full call number Barcode Date last seen Price effective from Koha item type
        College of Electrical & Mechanical Engineering (CEME) College of Electrical & Mechanical Engineering (CEME) Reference 07/12/2017   621.384166 COL'R CEME-4548 06/28/2021 06/28/2021 Book
        College of Electrical & Mechanical Engineering (CEME) College of Electrical & Mechanical Engineering (CEME) Reference 07/12/2017   621.384166 COL'R CEME-134 06/28/2021 06/28/2021 Book
© 2023 Central Library, National University of Sciences and Technology. All Rights Reserved.